| 000 | 00641nam a22002417a 4500 | ||
|---|---|---|---|
| 003 | UA-OsUOA | ||
| 001 | 92814 | ||
| 007 | ta | ||
| 008 | 20121226b un ||||| |||| 00| 0 ukr d | ||
| 100 | _aАбрахамс П. | ||
| 090 |
_a821.111 _bА16 |
||
| 942 | _cBK | ||
| 040 |
_aUA-OsUOA _brus _cUA-OsUOA _dUA-OsUOA |
||
| 245 |
_aГорняк. Венок Майклу Удомо _bроманы |
||
| 300 | _a430 с. | ||
| 955 | _a3 | ||
| 041 | _arus | ||
| 080 | _a821.111 | ||
| 020 | _a5-280-00383-2 | ||
| 260 |
_aМ. _bХудлит _c1988 |
||
| 650 | 7 |
_a82 Література. Літературознавство _2UDC |
|
| 999 |
_c379279 _d379279 |
||